Die Pfefferkörner - Rollenname - Statistiken

Allgemein
  • Dieses Quiz wurde 198 mal gespielt
  • Das Durchschnittsergebnis liegt bei 33 aus 55
Antwortstatistiken
Generation Rollenname % Korrekt
1 Fiete
83%
1 Natascha
83%
4-5 Emma
81%
1 Cem
80%
5 Max
77%
5-6 Nina
77%
4 Sophie
77%
1-2 Vivi
77%
3 Marie
75%
1 Jana
74%
4 Rasmus
74%
4 Lina
72%
6-7 Luis
68%
8 Ramin
68%
2 Panda
67%
4 Themba
67%
8 Pinja
66%
9 Mia
65%
8 Till
65%
10 Nele
64%
8 Stella
64%
9 Johannes
63%
10 Kira
63%
10 Levin
63%
3 Lilly
63%
3 Yeliz
63%
8 Jale
62%
6-7 Jessi
62%
2 Paul
62%
3 Karol
61%
9 Alice
59%
5-6 Henri
59%
2 Katja
59%
3 Laurenz
59%
11-12 Lou
59%
7 Niklas
59%
7 Anton
58%
10 Femi
58%
11-12 Pippa
56%
7 Ceyda
55%
10 Tayo
54%
2 Jojo
51%
13 Moritz
51%
9 Lisha
50%
11 Jonny
46%
13 Leo
45%
12 Rafa
43%
11 Tarun
41%
13 Jasina
40%
12 Milan
40%
11 Clari
39%
9 Bennet
38%
13 Amy
36%
13 Hakim
36%
12 Jet Ly
23%
Keine übereinstimmenden Quizze gefunden
Verteilung der Resultate
Anzahl Personen mit jedem Resultat
Perzentil nach korrekt beantworteten Fragen
Ihre Resultats-Entwicklung
Sie haben dieses Quiz noch nicht gespielt